| 000 | 00889nam a2200229 i 4500 | ||
|---|---|---|---|
| 001 | 125096 | ||
| 003 | ES-MaACL | ||
| 005 | 20230906192543.0 | ||
| 007 | t| | ||
| 008 | 070503s1932 sp ||||1| spa d | ||
| 100 | 1 |
_aMillán Astray, Pilar, _d1879-1949 _981141 |
|
| 245 | 1 | 3 |
_aLa mercería de la Dalia Roja _b: comedia asainetada en tres actos / _cPilar Millán Astray ; dibujos de Antonio Merlo. |
| 260 |
_aMadrid : _bRibadeneyra, _c1932. |
||
| 300 |
_a64 p. ; _c17 cm. |
||
| 490 | 1 |
_aLa Farsa ; _v250 |
|
| 500 | _aEstrenada por la Compañia de Carmen Moragas, en el Teatro Cómico, de Madrid, la noche del 4 de mayo de 1932. | ||
| 500 | _aCubierta de este número: Pilar Millán Astray , retrato de Julio Romero de Torres. | ||
| 700 | 1 |
_aMerlo, Antonio. _980579 |
|
| 830 | 0 |
_aLa Farsa ; _v250 _9185863 |
|
| 852 |
_aES-MaACL _j2229-F-6 _bR.140839 |
||
| 999 |
_c125096 _d125096 |
||